000
00299nam a2200121Ia 4500
100
_a
Machinery yellow back series
942
_c
BK
654
_a
Casting
245
_a
Investment Precision Casting Part I No.35 A
260
_b
Machinery Publication & co
_c
2001
082
_a
671.2
546
_a
ENGLISH
999
_c
31450
_d
31450